| 000 | 01423cam a2200325 a 4500 | ||
|---|---|---|---|
| 001 | 394890 | ||
| 003 | ARRUPE | ||
| 005 | 20130918175441.0 | ||
| 008 | 851009s1985 enk b 001 0 eng | ||
| 010 | _a 85013656 | ||
| 020 |
_a0416392903 : _c$29.95 (est.) |
||
| 035 | _a(OCoLC)12162945 | ||
| 035 | _a(OCoLC)ocm12162945 | ||
| 035 | _a(CStRLIN)NYCG85-B97073 | ||
| 035 | _a(NNC)394890 | ||
| 040 |
_dCStRLIN _cas |
||
| 050 | 0 |
_aBJ1431 _b.A86 1985 |
|
| 082 | 0 |
_a179/.9 _219 |
|
| 090 |
_aBJ1431 _b.A86 1985 |
||
| 245 | 0 | 0 |
_aAspects of toleration : _bphilosophical studies / _cedited by John Horton & Susan Mendus. |
| 260 |
_aLondon ; _aNew York : _bMethuen, _c1985. |
||
| 300 |
_a180 p. ; _c23 cm. |
||
| 504 | _aIncludes bibliographies and index. | ||
| 505 | 0 | _aIntroduction / John Horton and Susan Mendus -- Toleration, individual differences, and respect for persons / Albert Weale -- Toleration and the right to freedon / Thomas Baldwin -- Repressive toleration revisited / Alex Callinicos -- Toleration and the English blasphemy law / David Edwards -- Harm, offence, and censorship / Susan Mendus -- Toleration, morality, and harm / John Horton -- Toleration, harm, and moral effect / Peter Jones -- Toleration as a moral ideal / Peter P. Nicholson. | |
| 650 | 0 |
_aToleration. _9743 |
|
| 700 | 1 |
_aHorton, John _q(John P.) _9744 |
|
| 700 | 1 |
_aMendus, Susan. _9745 |
|
| 942 |
_2lcc _cMONOGRAPH |
||
| 999 |
_c117922 _d117922 |
||